01060cam a2200277 a 450000100100000000500170001000800410002701000150006802000150008304000230009808200190012110000320014024501390017224600450031125000110035626000540036730000210042144000230044260000450046565000510051070000250056170000250058691000340061195201220064599900150076700000279120200929150245.0020505s2000 mx 000 0bspa  a2002407198 a9706920501 aDO-SdBNPcDLCdDLC a868.992bK918l1 aKrauze, Ethel,d1954-9880913aLo lúdico, lo visceral, en su imaginería :bentrevista con Ethel Krauze /cSocorro Arce, coordinadora ; Rocio Aceves ... [et al.].3 aLo ludico, lo visceral, en su imagineria a1. ed. aColima, México :bUniversidad de Colima,c2000. a111 p. ;c21 cm. 0aVoz de tinta9881014aKRAUZE, ETHEL,d1954-vENTREVISTAS98811 0aAutores mexicanosySIGLO 21vENTREVISTAS988121 aArce, Socorro.988131 aAceves, Rocio.98814 aCatalogación por copia / LC 001052708MOaGRbGRcCTd2009-07-20iLF1l0o868.992 K918lp2791-10r2020-06-25w2020-06-25y2ZPréstamo interno c2625d2625